000 00804cam a2200205 a 4500
008 040820t20022002mx a 000 0 spa u
020 _a9688636142
035 _aa439440
050 0 4 _aNA5257 .P8
_bM85 2002
245 0 3 _aEl Mundo de las catedrales novohispanas /
_cMontserrat Galí Boadella, coordinadora.
250 _a1a ed.
260 _aPuebla, Pue., México :
_bBenemérita Universidad Autónoma de Puebla, Instituto de Ciencias Sociales y Humanidades,
_cc2002
300 _a302 p. ;
_c21 cm.
500 _a2 ejemplares
650 7 _aArquitectura religiosa
_zPuebla (México)
_ySiglo XVI
_2Lemb
650 7 _aArquitectura colonial
_zPuebla (México)
_ySiglo XVI
_2Lemb
650 7 _aCatedrales
_zPuebla (México)
_2Lemb
700 1 _aGalí Boadella, Montserrat, coord.
942 _2lcc
_cLIB
999 _c71540
_d71540